Catálogo

ESTRUCTURA SOCIOECONOMICA DE MEXICO (Registro nro. 30533)

Detalles MARC
000 -LEADER
fixed length control field 00444nam a2200169 a 4500
001 - CONTROL NUMBER
control field 30533
005 - DATE AND TIME OF LATEST TRANSACTION
control field 20180713233752.0
008 - FIXED-LENGTH DATA ELEMENTS--GENERAL INFORMATION
fixed length control field 140415s1995 mx 000 0 spa d
041 ## - LANGUAGE CODE
Language code of text/sound track or separate title spa
082 ## - DEWEY DECIMAL CLASSIFICATION NUMBER
Classification number 330
Item number ROD
100 1# - MAIN ENTRY--PERSONAL NAME
Personal name ESPADAS ANCONA, UUC- KIB
245 10 - TITLE STATEMENT
Title ESTRUCTURA SOCIOECONOMICA DE MEXICO
250 ## - EDITION STATEMENT
Edition statement 1ª EDICIÓN
260 ## - PUBLICATION, DISTRIBUTION, ETC.
Place of publication, distribution, etc. MEXICO :
Name of publisher, distributor, etc. NUEVA IMAGEN,
Date of publication, distribution, etc. 1995
300 ## - PHYSICAL DESCRIPTION
Extent
Dimensions 14 x 2 x 22
650 14 - SUBJECT ADDED ENTRY--TOPICAL TERM
Topical term or geographic name entry element ECONOMIA
Existencias
Withdrawn status Lost status Source of classification or shelving scheme Damaged status Not for loan Collection code Home library Current library Shelving location Date acquired Source of acquisition Total Checkouts Full call number Barcode Date last seen Date last checked out Price effective from Koha item type
    Dewey Decimal Classification     General Tehuacán Tehuacán Sala general 03/12/2013 Compra   330 ROD 505030 08/01/2025 31/08/2015 03/12/2013 Libro